00747nam a22002177a 4500003000400000005001700004008004100021020001800062040000600080082001300086100002100099245008400120260003200204650004000236650004500276650004700321700002500368942001500393999001700408952010400425OSt20220523074909.0220523b |||||||| |||| 00| 0 eng d a9780316042758 c- a944.8 RA aAndrews, Richard aThe tomb of God : the body of Jesus and the solution to a 2000-year-old mystery aBostonbLittle, Brownc1996 aJesus Christ - Burial - Miscellanea aOccultism - France - Rennes-le-Château aRennes-le-Château (France) - Miscellanea aSchellenberger, Paul 2ddccBKn0 c69978d69968 00102ddc40708FICaMPLRDCbMPLRDCd2022-05-23l0o944.8 RApE0004928r2022-05-23w2022-05-23yBK